[Event "Novak Nikolic mem 2nd"]
[Site "Belgrade"]
[Date "2000.02.04"]
[Round "2"]
[White "Velimirovic, Dragoljub"]
[Black "Damljanovic, Branko"]
[Result "0-1"]
[WhiteElo "2558"]
[BlackElo "2534"]
[PlyCount "66"]
[EventDate "2000.02.02"]
[Source "ChessBase"]
[SourceDate "2000.05.31"]

1. e4 c5 2. Nf3 Nc6 3. d4 cxd4 4. Nxd4 Nf6 5. Nc3 d6 6. Bc4 Qb6 7. Nb3 e6 8. Qe2 a6 9. f4 Qc7 10. g4 b5 11. Bd3 Be7 12. g5 Nd7 13. Be3 Nc5 14. Rg1 Rb8 15. Nxc5 dxc5 16. e5 Bb7 17. O-O-O Nb4 18. Bf2 Nxd3+ 19. Rxd3 c4 20. Rdd1 b4 21. Ne4 Bxe4 22. Qxe4 b3 23. axb3 cxb3 24. Rg3 O-O 25. Rc3 Qa5 26. cxb3 Bb4 27. Rc4 Qa2 28. Rxb4 Rfc8+ 29. Rc4 Qxb3 30. Rxc8+ Rxc8+ 31. Kd2 Rd8+ 32. Bd4 Qxb2+ 33. Ke1 Qb4+ 0-1

[Event "LXVIII Campionato Italiano Assoluto"]
[Site "Martina Franca ITA"]
[Date "2008.12.10"]
[Round "7"]
[White "Genocchio, D."]
[Black "Caruana, F."]
[Result "1-0"]
[WhiteElo "2452"]
[BlackElo "2640"]
[PlyCount "79"]
[EventDate "2008.12.03"]
[Source "www.chesslib.no"]
[SourceDate "2004.05.04"]

1. Nc3 c5 2. Nf3 Nc6 3. d4 cxd4 4. Nxd4 Nf6 5. e4 d6 6. Bc4 Qb6 7. Nb3 e6 8. O-O a6 9. a4 Qc7 10. a5 Bd7 11. f4 Nb4 12. Be2 d5 13. e5 Ne4 14. Nxe4 dxe4 15. c3 Nd5 16. c4 Ne7 17. Be3 Nf5 18. Bb6 Qc8 19. g4 Nh4 20. Qd4 h5 21. Nc5 Bxc5 22. Bxc5 hxg4 23. Bxg4 Qc6 24. b4 e3 25. Ra2 Rh6 26. Qxe3 Rg6 27. Qh3 f5 28. exf6 gxf6 29. Qxh4 O-O-O 30. Rg2 Rdg8 31. Rg3 Qe4 32. Bf3 Qd3 33. Bg2 Qc2 34. Qh7 Bc6 35. Qxg8+ Rxg8 36. Rxg8+ Kd7 37. Rg7+ Ke8 38. Bxc6+ bxc6 39. Re1 e5 40. fxe5 1-0